Normal view
MARC view
Entry Personal Name
001 - CONTROL NUMBER
- control field: 4159
003 - CONTROL NUMBER IDENTIFIER
- control field: ARRUPE
005 - DATE AND TIME OF LATEST TRANSACTION
- control field: 20131127124918.0
008 - FIXED-LENGTH DATA ELEMENTS
- fixed length control field: 131127|| aca||aabn | a|a d
040 ## - CATALOGING SOURCE
- Original cataloging agency: ARRUPE
- Transcribing agency: ARRUPE
100 ## - HEADING--PERSONAL NAME
- Personal name: Sjoholm, Barbara,
- Dates associated with a name: 1950-
670 ## - SOURCE DATA FOUND
- Source citation: Work cat.: (ARRUPE)0: Sjoholm, Barbara, 1950-, Salt water and other stories /, 1999.